000 00186 a2200097 4500
020 _a9780881139570
041 _aspa
100 _aDonald Miller
245 _aTal como el jazz
942 _cK
999 _c26788
_d26788